000 01441cad a22002535a 4500
001 L141649
008 071210s2007 xxkad f s 000 0 eng d
035 _a(Sirsi) u141649
041 0 _aeng
050 0 4 _a333.33 $2 18
110 2 _aRoyal Institution of Chartered Surveyors
_bEconomics
_95033
245 0 0 _aRICS UK economic brief
_bAugust 2007
_h[electronic resource]
260 _aLondon
_bRICS
_c2007
490 0 _aRICS UK Economic Brief
_vAugust 2007
520 _aReports that financial market turmoil has dominated the last month. However, considers that the Bank of England is unlikely to act until the volatility in the global financial markets subsides. Overall rental growth in commercial property slowed down for the first time in three years, but the construction industry is doing well with orders for the first quarter of 2007 the highest since 1998. House price growth increased slightly in July, but completed property sales for the second quarter fell to 23.5% from 24.5% in June.
590 _aKA
650 2 4 _aRICS UK ECONOMIC BRIEF
651 4 _aUnited Kingdom
_y
690 _aBUILT ENVIRONMENT-CONSTRUCTION MARKET
690 _aPROPERTY-COMMERCIAL PROPERTY-COMMERCIAL PROPERTY MARKET
690 _aPROPERTY-RESIDENTIAL PROPERTY- RESIDENTIAL PROPERTY MARKET
856 4 0 _uhttps://www.rics.org/site/download_feed.aspx?fileID=892&fileExtension=PDF
_zView this report free of charge at www.rics.org
942 _n0
999 _c107724
_d107724